States/Provinces in Cascadia - Statistics

General Stats
  • This quiz has been taken 23 times
  • The average score is 9 of 10
Answer Stats
Country State/Province % Correct
United States Washington
100%
Canada British Columbia
95%
United States California
95%
United States Idaho
95%
United States Montana
95%
United States Alaska
91%
United States Nevada
91%
United States Oregon
91%
Canada Alberta
82%
United States Wyoming
82%
No matching quizzes found
Score Distribution
Percent of People with Each Score
Percentile by Number Answered
Your Score History
You have not taken this quiz